Statistics for 2015 NFL Draft: 1st Round Picks

Click here to take the quiz!

General Stats

  • This quiz has been taken 133 times
  • The average score is 20 of 32

Answer Stats

Hint Answer % Correct
Pick 1: Tampa Bay: QB: FSUJameis Winston
99%
Pick 2: Tennessee: QB: OregonMarcus Mariota
99%
Pick 10: St. Louis: RB: GeorgiaTodd Gurley
90%
Pick 4: Oakland: WR: AlabamaAmari Cooper
90%
Pick 15: San Diego: RB: WisconsinMelvin Gordon
87%
Pick 7: Chicago: WR: WVUKevin White
84%
Pick 6: New York (Jets): DT: USCLeonard Williams
81%
Pick 14: Miami: WR: LouisvilleDeVante Parker
79%
Pick 3: Jacksonville: DE: FloridaDante Fowler Jr.
77%
Pick 8: Atlanta: LB: ClemsonVic Beasley
76%
Pick 9: New York (Giants): OT: Miami (FL)Ereck Flowers
74%
Pick 27: Dallas: DB: ConnecticutByron Jones
70%
Pick 20: Philadelphia: WR: USCNelson Agholor
68%
Pick 11: Minnesota: CB: MSUTrae Waynes
67%
Pick 22: Pittsburgh: LB: KentuckyBud Dupree
64%
Pick 18: Kansas City: DB: WashingtonMarcus Peters
64%
Pick 12: Cleveland: DT: WashingtonDanny Shelton
60%
Pick 23: Denver: DE: MissouriShane Ray
59%
Pick 17: San Francisco: DE: OregonArik Armstead
59%
Pick 29: Indianapolis: WR: Miami (FL)Phillip Dorsett
58%
Pick 26: Baltimore: WR: Central FloridaBreshad Perriman
56%
Pick 5: Washington: OT: IowaBrandon Scherff
56%
Pick 32: New England: DT: TexasMalcom Brown
56%
Pick 25: Carolina: LB: WashingtonShaq Thompson
53%
Pick 13: New Orleans: OT: StanfordAndrus Peat
45%
Pick 30: Green Bay: S: Arizona StateDamarious Randall
33%
Pick 28: Detroit: G: DukeLaken Tomlinson
30%
Pick 16: Houston: DB: Wake ForestKevin Johnson
29%
Pick 19: Cleveland: C: FSUCameron Erving
27%
Pick 24: Arizona: OT: FloridaD.J. Humphries
27%
Pick 21: Cincinnati: OT: Texas A&MCedric Ogbuehi
21%
Pick 31: New Orleans: LB: ClemsonStephone Anthony
18%

Score Distribution

Percentile by Number Answered

Percent of People with Each Score

Your Score History

You have not taken this quiz